000 00292nam a22001337a 4500
008 170613b xxu||||| |||| 00| 0 eng d
020 _a9780253214515
041 _aeng
080 _a32
100 _a19
101 _aSHP
245 _aONCE INTREPID WARRIORS
_cHODGSON,D.L
942 _2udc
_cBK
999 _c17130
_d17130